| 000 | 01148nam a2200265 i 4500 | ||
|---|---|---|---|
| 001 | bg | ||
| 100 | 1 | _aGIEDYCH, Renata | |
| 245 | 1 | 0 |
_aPrawne wyznaczniki wartości zasobów przyrodniczych środowiska / _cRenata Giedych, Marek Szumański ; Szkoła Główna Gospodarstwa Wiejskiego w Warszawie. Wydział Ogrodnictwa i Architektury Krajobrazu. Katedra Architektury Krajobrazu. Zakład Studiów Krajobrazowych. |
| 260 |
_aWarszawa : _bWydaw. SGGW, _c2001. |
||
| 300 |
_a154, [2] s. ; _c24 cm. |
||
| 490 | 1 |
_aKrajobraz z Paragrafem ; _vz. 5 |
|
| 504 | _aWykaz aktów prawnych. | ||
| 650 | 9 |
_aPrawo ochrony środowiska _zPolska _ystan na 2001 r. |
|
| 700 | 1 | _aSZUMAŃSKI, Marek | |
| 710 | 0 |
_aSzkoła Główna Gospodarstwa Wiejskiego (Warszawa) _bKatedra Architektury Krajobrazu |
|
| 830 | _aKrajobraz z Paragrafem ; | ||
| 020 | _a8372442371 | ||
| 040 | _cBPK | ||
| 041 | 0 | _apl | |
| 080 | _a349.6(438) | ||
| 920 | _a83-7244-237-1 | ||
| 942 | _cKS | ||
| 008 | s pl f |000 0 pol | ||
| 999 |
_c42004 _d42004 |
||
| 856 |
_uhttp://koha.tu.koszalin.pl/cgi-bin/koha/opac-detail.pl?biblionumber=42004 _yKatalog online BPK |
||